Normal view
MARC view
- SOLIDS PNEUMATIC TRANPORT IN PIPES
Entry Topical Term
001 - CONTROL NUMBER
- control field: 62401
003 - CONTROL NUMBER IDENTIFIER
- control field: NUST
005 - DATE AND TIME OF LATEST TRANSACTION
- control field: 20210628202932.0
008 - FIXED-LENGTH DATA ELEMENTS
- fixed length control field: 210628|| aca||aabn | a|a d
040 ## - CATALOGING SOURCE
- Original cataloging agency: NUST
- Transcribing agency: NUST
150 ## - HEADING--TOPICAL TERM
- Topical term or geographic name entry element: SOLIDS PNEUMATIC TRANPORT IN PIPES
670 ## - SOURCE DATA FOUND
- Source citation: Work cat.: (NUST): LEUNG, L. S , MARCUS, R. D , KLINZING, G. E 62400, PNEUMATIC CONVERGING OF SOLIDS, 1990
